00277nam a2200097Ia 4500008004100000100001800041245005100059260004300110260000900153999001700162170620s9999 xx 000 0 und d aOberoi- S. C. 0aEducational Vocational Guidance and Counseling bMeerut- International Publishing House c2004 c24044d24044